Devinez la Capitale Mystère #141 - Statistiques

Statistiques générales
  • Ce quiz a été pris 109 fois
  • Le résultat moyen est 26 sur 33
Statistiques - réponses
Type de Réponse Réponse % Correct
Lettre Trouvée A
100%
Lettre de l'Alphabet R
100%
Lettre Trouvée I
99%
Lettre de l'Alphabet N
99%
Lettre de l'Alphabet S
99%
Lettre de l'Alphabet E
95%
Lettre Trouvée L
95%
Lettre de l'Alphabet O
95%
Lettre de l'Alphabet D
93%
Lettre de l'Alphabet M
93%
Lettre de l'Alphabet B
92%
Lettre de l'Alphabet P
92%
Lettre de l'Alphabet T
92%
Lettre de l'Alphabet U
88%
Lettre Trouvée G
83%
Lettre Bien Placée A
82%
Lettre Trouvée K
80%
Lettre de l'Alphabet H
79%
Lettre de l'Alphabet W
78%
Lettre de l'Alphabet C
76%
Lettre Bien Placée I
76%
Lettre de l'Alphabet Y
75%
Lettre de l'Alphabet V
72%
Lettre de l'Alphabet X
72%
Lettre Bien Placée G
66%
Lettre de l'Alphabet J
66%
Lettre de l'Alphabet Z
61%
Lettre Bien Placée L
59%
Lettre de l'Alphabet F
57%
Lettre Bien Placée K
57%
Lettre Bien Placée I
54%
Capitale Mystère Kigali
54%
Lettre de l'Alphabet Q
54%
Aucun quiz correspondant
Distribution des résultats
% des personnes avec chaque résultat
Percentile par nombre de réponses
Votre historique - résultats
Vous n’avez pas pris ce quiz